000 00687nam a2200253Ia 4500
003 OSt
005 20221007075943.0
006 a|||||r|||| 00| 0
007 ta
008 221006b |||||||| |||| 00| 0 eng d
020 _a9789352806782
024 _a45,615
037 _cTextual
040 _aFLL
_cFLL
_beng
041 _2eng
_aeng
082 _aZ:(MY).2, Q8
100 _aDASGUPTA Lovely Ed.
_9694432
245 0 _aSports law in India
260 _aNew Delhi
_bSAGE India
_c2018
300 _axxx,262p.
_ccm.
700 _a SEN Shameek Ed.
_9694433
942 _hZ:(MY).2, Q8
_cTEXL
_2CC
999 _c1157927
_d1157927